| 000 | 00000nam 2200000za 4500 |
| 001 | 9.856068 |
| 003 | CaOODSP |
| 005 | 20250403110050 |
| 007 | cr ||||||||||| |
| 008 | 180502s1992 onc #os f|0| 0 fre d |
| 040 | |aCaOODSP|bfre |
| 043 | |an-cn--- |
| 086 | 1 |aCS81-0005/1992F-PDF |
| 245 | 00|aManuel d'information |h[ressource électronique] : |bEnquête auprès des diplômés de 1990. |
| 260 | |a[Ottawa] : |bStatistique Canada, |c1992. |
| 300 | |a[48] p. |
| 500 | |aPubl. aussi en anglais sous le titre : Information manual: Survey of 1990 Graduates. |
| 500 | |aÉdition numérisée de l'imprimé [par Statistique Canada]. |
| 500 | |a« Juin 1992. » |
| 692 | 07|2gccst|aÉtudiant |
| 692 | 07|2gccst|aSondage |
| 710 | 2 |aStatistique Canada. |
| 775 | 08|tInformation manual |w(CaOODSP)9.856067 |
| 856 | 40|qPDF|s27.19 Mo|uhttps://publications.gc.ca/collections/collection_2018/statcan/CS81-0005-1992-fra.pdf |
| 986 | |a81N0005XPF |